[Event "7. Arber-Senioren-Cup 2019"]
[Site "Bodenmais"]
[Date "2019.07.30"]
[Round "4.17"]
[White "Moser, Andreas"]
[Black "Steinbach, Peter"]
[Result "0-1"]
[WhiteElo "1693"]
[BlackElo "1958"]
[Annotator "NA"]
[PlyCount "116"]
[EventDate "2019.07.27"]
[EventType "swiss"]
[EventCountry "GER"]
[SourceTitle "playchess.com"]
[Source "ChessBase"]
[SourceQuality "1"]
[TimeControl "5400+30"]

1. e4 {[%emt 0:00:00]} d5 {[%emt 0:00:00]} 2. exd5 {[%emt 0:00:00]} Nf6 {[%emt 0:00:00]} 3. d4 {[%emt 0:00:00]} Bg4 {[%emt 0:00:00]} 4. Nf3 {[%emt 0:00:00]} Qxd5 {[%emt 0:00:00]} 5. Be2 {[%emt 0:00:00]} Nc6 {[%emt 0:00:00]} 6. Nc3 {[%emt 0:00:00]} Qh5 {[%emt 0:00:00] B01: Scandinavian Defence} 7. Bb5 {[%emt 0:00:00]} (7. O-O O-O-O 8. h3 Nxd4 9. Nxd4 Bxe2 10. Qxe2 Rxd4 11. Qe3 Qc5 12. b4 Qc4 13. Bb2 e6 14. a3 c5 15. Na4 Rd5 16. Nc3 Rd4 17. Na4 Rd5 18. Nc3 Rd4 19. Na4 Rd5 {½-½ (19) Alekseenko,K (2512)-Zenzera,A (2423) St Petersburg 2015}) 7... e6 {[%emt 0:00:00]} 8. h3 $146 {[%emt 0:00:00]} ({Predecessor:} 8. Qd3 Bd6 9. Ne4 Nxe4 10. Bxc6+ bxc6 11. Qxe4 Bxf3 12. gxf3 O-O 13. Qg4 Qxg4 14. fxg4 {0-1 (23) Soetewey,P (2085)-Vandevoort,P (2273) Gent 1989}) 8... Bd6 {[%emt 0:00:00]} 9. Be3 {[%emt 0:00:00]} O-O {[%emt 0:00:00]} 10. Qe2 {[%emt 0:00:00]} Nb4 {[%emt 0:13:01]} 11. O-O-O {[%emt 0:00:00]} Bxf3 {[%emt 0:00:15]} 12. gxf3 {[%emt 0:00:00]} a6 {[%emt 0:00:07]} 13. Bd3 {[%emt 0:00:00]} Qa5 {[%emt 0:09:37]} 14. Bc4 {[%emt 0:07:35]} b5 {[%emt 0:08:45]} 15. Bb3 {[%emt 0:00:36]} c6 {[%emt 0:16:28]} 16. Rhg1 {[%emt 0:08:13]} Qc7 {[%emt 0:03:11]} 17. Ne4 {[%emt 0:03:12]} Be7 {[%emt 0:07:54]} 18. Nxf6+ {[%emt 0:06:56]} Bxf6 {[%emt 0:00:26]} 19. Bg5 {[%emt 0:05:48]} Nd5 {[%emt 0:05:46]} 20. Bxf6 {[%emt 0:02:24]} Qf4+ {[%emt 0:00:48]} 21. Kb1 $17 {[%emt 0:01:56]} Nxf6 {[%emt 0:02:41]} 22. Qe3 {[%emt 0:01:28]} Qf5 {[%emt 0:02:45]} 23. Qg5 {[%emt 0:05:16]} Qxg5 {[%emt 0:00:58]} 24. Rxg5 {[%emt 0:00:16]} Rfd8 {[%emt 0:02:46]} 25. c3 {[%emt 0:01:15]} g6 {[%emt 0:00:52]} 26. Rdg1 {[%emt 0:02:16]} Kf8 {[%emt 0:00:27]} 27. Re5 {[%emt 0:02:50]} Ke7 {[%emt 0:01:23]} 28. a3 {[%emt 0:01:28]} Rac8 {[%emt 0:02:22]} 29. Rgg5 {[%emt 0:04:39]} Nd7 {[%emt 0:01:47]} 30. Re1 {[%emt 0:00:28]} Kf6 {[%emt 0:00:12]} 31. Rgg1 {[%emt 0:00:20]} c5 {[%emt 0:00:11]} 32. dxc5 {[%emt 0:04:09]} Nxc5 {[%emt 0:01:11]} 33. Bc2 {[%emt 0:01:33]} Rd2 {[%emt 0:00:18]} 34. Rgf1 {[%emt 0:06:07]} Rcd8 {[%emt 0:04:09]} 35. Kc1 {[%emt 0:03:14]} R8d5 {[%emt 0:05:42]} 36. Rd1 {[%emt 0:00:49]} Rxd1+ {[%emt 0:02:12]} 37. Bxd1 {[%emt 0:01:22]} Nd3+ {[%emt 0:01:08]} 38. Kc2 {[%emt 0:00:56]} Nf4 {[%emt 0:00:04]} 39. Rh1 {[%emt 0:05:20]} Rh5 {[%emt 0:01:48]} 40. b3 {[%emt 0:01:22]} Rxh3 {[%emt 0:00:22]} 41. Rf1 {[%emt 0:00:57]} Rh2 {[%emt 0:00:46]} 42. Kd2 {[%emt 0:02:39]} h5 {[%emt 0:02:18]} 43. c4 {[%emt 0:01:03]} bxc4 {[%emt 0:00:19]} 44. bxc4 {[%emt 0:00:06]} h4 {[%emt 0:00:05]} 45. Ke3 {[%emt 0:00:58]} Ke5 {[%emt 0:00:23]} 46. Ba4 {[%emt 0:01:00]} f6 {[%emt 0:02:42]} 47. Bc2 {[%emt 0:02:23]} f5 {[%emt 0:01:26]} 48. a4 {[%emt 0:00:28]} Nh5 {[%emt 0:02:36]} 49. Kd3 {[%emt 0:01:03]} Nf4+ {[%emt 0:01:30]} 50. Ke3 {[%emt 0:00:14]} g5 {[%emt 0:00:05]} 51. Bb3 {[%emt 0:02:22]} g4 {[%emt 0:00:26]} 52. Bd1 {[%emt 0:00:18]} g3 {[%emt 0:00:50]} 53. fxg3 {[%emt 0:01:07]} hxg3 {[%emt 0:00:07]} 54. c5 {[%emt 0:03:57]} g2 {[%emt 0:01:10]} 55. Rg1 {[%emt 0:00:58]} Rh1 {[%emt 0:00:39]} 56. Kf2 {[%emt 0:02:12]} Nh3+ {[%emt 0:00:05]} 57. Kxg2 {[%emt 0:00:29]} Rxg1+ {[%emt 0:00:06]} 58. Kxh3 {[%emt 0:00:25]} Rxd1 {[%emt 0:00:10]} 0-1

[Event "7. Arber-Senioren-Cup 2019"]
[Site "Bodenmais"]
[Date "2019.07.30"]
[Round "4.18"]
[White "Schwalb, Manfred"]
[Black "Kirschner, Torsten"]
[Result "1/2-1/2"]
[WhiteElo "1965"]
[BlackElo "1767"]
[Annotator "NA"]
[PlyCount "105"]
[EventDate "2019.07.27"]
[EventType "swiss"]
[EventCountry "GER"]
[SourceTitle "playchess.com"]
[Source "ChessBase"]
[SourceQuality "1"]
[TimeControl "5400+30"]

1. e4 {[%emt 0:00:00]} c5 {[%emt 0:00:00]} 2. d3 {[%emt 0:00:00]} e6 {[%emt 0:00:00]} 3. g3 {[%emt 0:00:00]} Nc6 {[%emt 0:00:00]} 4. Bg2 {[%emt 0:00:00]} Nf6 {[%emt 0:00:00]} 5. Nf3 {[%emt 0:00:00]} d6 {[%emt 0:00:00]} 6. O-O {[%emt 0:00:00]} Be7 {[%emt 0:00:00]} 7. Nbd2 {[%emt 0:00:00]} Bd7 {[%emt 0:00:00]} 8. c3 {[%emt 0:00:00]} Qc7 {[%emt 0:00:00]} 9. a3 {[%emt 0:00:00]} d5 {[%emt 0:00:00]} 10. Re1 {[%emt 0:00:00]} d4 {[%emt 0:00:00]} 11. e5 {[%emt 0:00:00]} dxc3 {[%emt 0:00:00]} 12. bxc3 {[%emt 0:00:00]} Nd5 {[%emt 0:00:00]} 13. c4 {[%emt 0:00:00]} Nb6 {[%emt 0:01:19]} 14. Bb2 {[%emt 0:00:00]} Na5 {[%emt 0:07:12]} 15. a4 {[%emt 0:00:00]} Rd8 {[%emt 0:01:31]} 16. Bc3 {[%emt 0:00:00]} Nc8 {[%emt 0:01:59]} 17. Rb1 {[%emt 0:00:07]} Bc6 {[%emt 0:04:06]} 18. Qc2 {[%emt 0:02:03]} O-O {[%emt 0:03:02]} 19. Ne4 {[%emt 0:02:23]} Rd7 {[%emt 0:02:52]} 20. Re2 {[%emt 0:14:10]} Rfd8 {[%emt 0:02:32]} 21. Ne1 {[%emt 0:00:18]} h6 {[%emt 0:08:36]} 22. h4 {[%emt 0:00:58]} Bxe4 {[%emt 0:09:27]} 23. Bxe4 {[%emt 0:01:25]} Nc6 {[%emt 0:00:11]} 24. f4 {[%emt 0:09:42]} b6 {[%emt 0:00:52]} 25. Re3 {[%emt 0:01:56]} Nd4 {[%emt 0:07:48]} 26. Qg2 {[%emt 0:01:15]} Bf8 {[%emt 0:00:43]} 27. Bxd4 {[%emt 0:04:55]} cxd4 {[%emt 0:06:08]} 28. Re2 {[%emt 0:00:14]} Ne7 {[%emt 0:01:36]} 29. g4 {[%emt 0:06:58]} Rc8 {[%emt 0:04:00]} 30. h5 {[%emt 0:02:34]} f5 {[%emt 0:04:03]} 31. exf6 {[%emt 0:04:00]} gxf6 {[%emt 0:00:51]} 32. Qg3 {[%emt 0:07:11]} Kh8 {[%emt 0:03:20]} 33. Rg2 {[%emt 0:01:26]} Bg7 {[%emt 0:00:52]} 34. Nc2 {[%emt 0:04:00]} Rg8 {[%emt 0:01:30]} 35. Nb4 {[%emt 0:03:06]} f5 {[%emt 0:04:30]} 36. Bf3 {[%emt 0:01:55]} Bf6 {[%emt 0:01:15]} 37. Qh2 {[%emt 0:02:24]} fxg4 {[%emt 0:01:39]} 38. Bxg4 {[%emt 0:01:04]} Nf5 {[%emt 0:01:31]} 39. Bxf5 {[%emt 0:01:47]} Rxg2+ {[%emt 0:00:24]} 40. Kxg2 {[%emt 0:00:58]} exf5 {[%emt 0:01:33]} 41. Kf3 {[%emt 0:01:53]} Rg7 {[%emt 0:05:40]} 42. Nd5 {[%emt 0:00:34]} Qc6 {[%emt 0:00:32]} 43. Re1 {[%emt 0:01:15]} Re7 {[%emt 0:02:00]} 44. Rxe7 {[%emt 0:01:41]} Bxe7 {[%emt 0:00:42]} 45. Qe2 {[%emt 0:00:37]} Bf6 {[%emt 0:02:58]} 46. Kg3 {[%emt 0:00:47]} Kg7 {[%emt 0:00:20]} 47. Qg2 {[%emt 0:03:23]} Bd8 {[%emt 0:02:32]} 48. Qe2 {[%emt 0:03:50]} Kf7 {[%emt 0:00:50]} 49. Qe5 {[%emt 0:02:02]} Qe6 {[%emt 0:01:00]} 50. Qxe6+ {[%emt 0:04:58]} Kxe6 {[%emt 0:00:09]} 51. Nb4 {[%emt 0:01:03]} Kd6 {[%emt 0:00:32]} 52. Kf3 {[%emt 0:01:05]} a5 {[%emt 0:00:50]} 53. Nc2 1/2-1/2

[Event "7. Arber-Senioren-Cup 2019"]
[Site "Bodenmais"]
[Date "2019.07.30"]
[Round "4.19"]
[White "Halli, Gerhard"]
[Black "Boldt, Heinrich"]
[Result "1-0"]
[WhiteElo "1955"]
[BlackElo "1803"]
[Annotator "NA"]
[PlyCount "77"]
[EventDate "2019.07.27"]
[EventType "swiss"]
[EventCountry "GER"]
[SourceTitle "playchess.com"]
[Source "ChessBase"]
[SourceQuality "1"]
[TimeControl "5400+30"]

1. d4 {[%emt 0:00:00]} d5 {[%emt 0:00:00]} 2. Bf4 {[%emt 0:00:00]} Nf6 {[%emt 0:00:00]} 3. e3 {[%emt 0:00:00]} Bf5 {[%emt 0:00:00]} 4. Bd3 {[%emt 0:00:00]} Bxd3 {[%emt 0:00:00]} 5. Qxd3 {[%emt 0:00:00]} c6 {[%emt 0:00:00]} 6. Nf3 {[%emt 0:00:00]} e6 {[%emt 0:00:00]} 7. O-O {[%emt 0:00:00]} Qc8 {[%emt 0:00:00]} 8. Nbd2 {[%emt 0:00:00]} Nh5 {[%emt 0:00:00]} 9. Bg5 {[%emt 0:00:00]} Nd7 {[%emt 0:00:00]} 10. e4 {[%emt 0:00:00]} h6 {[%emt 0:00:00]} 11. Bh4 {[%emt 0:00:00]} g5 {[%emt 0:00:00]} 12. Bg3 {[%emt 0:00:00]} Nxg3 {[%emt 0:00:00]} 13. hxg3 {[%emt 0:00:00]} Nf6 {[%emt 0:04:40]} 14. e5 {[%emt 0:00:00]} Nh5 {[%emt 0:01:16]} 15. Nh2 {[%emt 0:00:00]} Be7 {[%emt 0:04:00]} 16. Ng4 {[%emt 0:00:00]} Ng7 {[%emt 0:11:31]} 17. f4 {[%emt 0:00:00]} Nf5 {[%emt 0:01:22]} 18. c3 {[%emt 0:00:00]} c5 {[%emt 0:04:54]} 19. Rfc1 {[%emt 0:01:23]} Qc6 {[%emt 0:05:05]} 20. Nf1 {[%emt 0:01:49]} O-O-O {[%emt 0:02:44]} 21. Nge3 {[%emt 0:00:17]} Nxe3 {[%emt 0:02:05]} 22. Nxe3 {[%emt 0:00:37]} c4 {[%emt 0:04:38]} 23. Qe2 {[%emt 0:04:25]} Rdg8 {[%emt 0:04:15]} 24. f5 {[%emt 0:00:30]} h5 {[%emt 0:01:10]} 25. Rf1 {[%emt 0:00:57]} Qe8 {[%emt 0:05:20]} 26. Qc2 {[%emt 0:03:20]} g4 {[%emt 0:02:07]} 27. f6 {[%emt 0:00:08]} Bf8 {[%emt 0:01:41]} 28. b3 {[%emt 0:00:24]} Qc6 {[%emt 0:02:45]} 29. Kf2 {[%emt 0:02:11]} Bh6 {[%emt 0:01:11]} 30. Rh1 {[%emt 0:00:11]} Bxe3+ {[%emt 0:00:45]} 31. Kxe3 {[%emt 0:00:03]} Rg5 {[%emt 0:00:56]} 32. bxc4 {[%emt 0:00:46]} dxc4 {[%emt 0:03:03]} 33. Qe4 {[%emt 0:00:11]} Kc7 {[%emt 0:02:27]} 34. Rab1 {[%emt 0:00:52]} b6 {[%emt 0:02:48]} 35. Rb4 {[%emt 0:00:43]} Rgg8 {[%emt 0:01:09]} 36. Qxc6+ {[%emt 0:00:26]} Kxc6 {[%emt 0:00:22]} 37. Rxc4+ {[%emt 0:00:01]} Kd5 {[%emt 0:00:20]} 38. Rc7 {[%emt 0:00:37]} b5 39. Rc5# {Kc6 Rc4+} 1-0

[Event "7. Arber-Senioren-Cup 2019"]
[Site "Bodenmais"]
[Date "2019.07.30"]
[Round "4.20"]
[White "Otto, Klaus"]
[Black "Mahnke, Ralf"]
[Result "1/2-1/2"]
[WhiteElo "1725"]
[BlackElo "1925"]
[Annotator "NA"]
[PlyCount "46"]
[EventDate "2019.07.27"]
[EventType "swiss"]
[EventCountry "GER"]
[SourceTitle "playchess.com"]
[Source "ChessBase"]
[SourceQuality "1"]
[TimeControl "5400+30"]

1. e4 {[%emt 0:00:00]} e5 {[%emt 0:00:00]} 2. Nf3 {[%emt 0:00:00]} Nc6 {[%emt 0:00:00]} 3. Bc4 {[%emt 0:00:00]} Bc5 {[%emt 0:00:00]} 4. O-O {[%emt 0:00:00]} Nf6 {[%emt 0:00:00]} 5. Nc3 {[%emt 0:00:00]} O-O {[%emt 0:00:00]} 6. a3 {[%emt 0:00:00]} d6 {[%emt 0:00:00]} 7. b4 {[%emt 0:00:00]} Bb6 {[%emt 0:00:00]} 8. Be2 {[%emt 0:00:00]} Be6 {[%emt 0:00:00]} 9. d3 {[%emt 0:00:00]} h6 {[%emt 0:00:00]} 10. Na4 {[%emt 0:00:00]} Nd4 {[%emt 0:00:00]} 11. Nxd4 {[%emt 0:00:00]} Bxd4 {[%emt 0:00:00]} 12. c3 {[%emt 0:00:00]} Bb6 {[%emt 0:00:00]} 13. Nxb6 {[%emt 0:00:00]} axb6 {[%emt 0:00:00]} 14. c4 {[%emt 0:00:00]} c6 {[%emt 0:00:00]} 15. Bb2 {[%emt 0:00:00]} c5 {[%emt 0:00:00]} 16. b5 {[%emt 0:00:00]} Ne8 {[%emt 0:00:00]} 17. f4 {[%emt 0:00:00]} exf4 {[%emt 0:00:00]} 18. Rxf4 {[%emt 0:00:00]} Qg5 {[%emt 0:00:00]} 19. Rf3 {[%emt 0:00:00]} Qg6 {[%emt 0:00:00]} 20. Rg3 {[%emt 0:00:00]} Qh7 {[%emt 0:00:00]} 21. Qd2 {[%emt 0:00:00]} f5 {[%emt 0:00:00]} 22. exf5 {[%emt 0:00:00]} Bxf5 {[%emt 0:00:00]} 23. Rf1 Nf6 1/2-1/2

[Event "7. Arber-Senioren-Cup 2019"]
[Site "Bodenmais"]
[Date "2019.07.30"]
[Round "4.21"]
[White "Riess, Michael"]
[Black "Ketzscher, Roland"]
[Result "1/2-1/2"]
[WhiteElo "1686"]
[BlackElo "1917"]
[Annotator "NA"]
[PlyCount "66"]
[EventDate "2019.07.27"]
[EventType "swiss"]
[EventCountry "GER"]
[SourceTitle "playchess.com"]
[Source "ChessBase"]
[SourceQuality "1"]
[TimeControl "5400+30"]

1. Nc3 {[%emt 0:00:00]} d5 {[%emt 0:00:00]} 2. e4 {[%emt 0:00:00]} dxe4 {[%emt 0:00:00]} 3. Nxe4 {[%emt 0:00:00]} e5 {[%emt 0:00:00]} 4. Nf3 {[%emt 0:00:00]} Bg4 {[%emt 0:00:00]} 5. Be2 {[%emt 0:00:00]} Nc6 {[%emt 0:00:00]} 6. O-O {[%emt 0:00:00]} Be7 {[%emt 0:00:00]} 7. d3 {[%emt 0:00:00]} Nf6 {[%emt 0:00:00]} 8. Be3 {[%emt 0:00:00]} O-O {[%emt 0:00:00]} 9. Nxf6+ {[%emt 0:00:00]} Bxf6 {[%emt 0:00:00]} 10. h3 {[%emt 0:00:00]} Bh5 {[%emt 0:00:00]} 11. Nd2 {[%emt 0:00:00]} Bxe2 {[%emt 0:00:00]} 12. Qxe2 {[%emt 0:00:00]} Be7 {[%emt 0:00:00]} 13. Nb3 {[%emt 0:00:00]} b6 {[%emt 0:00:00]} 14. a3 {[%emt 0:00:00]} a5 {[%emt 0:00:00]} 15. Qg4 {[%emt 0:00:00]} Kh8 {[%emt 0:00:00]} 16. Rad1 {[%emt 0:00:00]} a4 {[%emt 0:04:03]} 17. Nd2 {[%emt 0:00:00]} f5 {[%emt 0:01:10]} 18. Qf3 {[%emt 0:00:00]} Qd7 {[%emt 0:06:57]} 19. Nb1 {[%emt 0:00:00]} f4 {[%emt 0:02:01]} 20. Bd2 {[%emt 0:00:00]} Nd4 {[%emt 0:01:17]} 21. Qe4 {[%emt 0:00:00]} f3 {[%emt 0:02:46]} 22. Qg4 {[%emt 0:00:00]} Qc6 {[%emt 0:06:37]} 23. Qe4 {[%emt 0:00:00]} Qf6 {[%emt 0:06:19]} 24. g3 {[%emt 0:01:59]} Rae8 {[%emt 0:03:32]} 25. Nc3 {[%emt 0:01:30]} Qe6 {[%emt 0:01:58]} 26. Qg4 {[%emt 0:01:01]} Qxg4 {[%emt 0:06:58]} 27. hxg4 {[%emt 0:00:11]} Nxc2 {[%emt 0:00:16]} 28. Nxa4 {[%emt 0:01:09]} Nd4 {[%emt 0:00:10]} 29. Nc3 {[%emt 0:00:53]} Rd8 {[%emt 0:01:21]} 30. Rfe1 {[%emt 0:03:35]} Nc6 {[%emt 0:06:53]} 31. Be3 {[%emt 0:01:02]} Rd7 {[%emt 0:01:11]} 32. Nb5 {[%emt 0:04:09]} Nd8 {[%emt 0:06:24]} 33. d4 {[%emt 0:01:15]} exd4 1/2-1/2

[Event "7. Arber-Senioren-Cup 2019"]
[Site "Bodenmais"]
[Date "2019.07.30"]
[Round "4.22"]
[White "Supplieth, Peter"]
[Black "Loibl, Johann"]
[Result "1-0"]
[WhiteElo "1880"]
[BlackElo "1760"]
[Annotator "NA"]
[PlyCount "153"]
[EventDate "2019.07.27"]
[EventType "swiss"]
[EventCountry "GER"]
[SourceTitle "playchess.com"]
[Source "ChessBase"]
[SourceQuality "1"]
[TimeControl "5400+30"]

1. c4 {[%emt 0:00:00]} e5 {[%emt 0:00:00]} 2. g3 {[%emt 0:00:00]} f5 {[%emt 0:00:00]} 3. Bg2 {[%emt 0:00:00]} Nf6 {[%emt 0:00:00]} 4. Nc3 {[%emt 0:00:00]} Bc5 {[%emt 0:00:00]} 5. e3 {[%emt 0:00:00]} O-O {[%emt 0:00:00]} 6. Nge2 {[%emt 0:00:00]} Nc6 {[%emt 0:00:00]} 7. d4 {[%emt 0:00:00]} exd4 {[%emt 0:00:00]} 8. exd4 {[%emt 0:00:00]} Bb4 {[%emt 0:00:00]} 9. O-O {[%emt 0:00:00] A25: English Opening vs King's Indian with ...Nc6 but without early d3} Bxc3 {[%emt 0:00:00]} 10. Nxc3 {[%emt 0:00:00]} d6 {[%emt 0:00:00]} 11. Bf4 {[%emt 0:00:00]} Ne7 $146 {[%emt 0:00:00]} ({Predecessor:} 11... a6 12. a4 Re8 13. Bg5 Bd7 14. Nd5 Rb8 15. Nxf6+ gxf6 16. Bh4 Qe7 {0-1 (42) Lobato,N (2095)-Pereira,J (1921) Sao Luis 2016}) 12. Qb3 {[%emt 0:00:00]} c6 {[%emt 0:00:00]} 13. Rfe1 {[%emt 0:00:00]} d5 {[%emt 0:03:57]} 14. cxd5 {[%emt 0:00:00]} Nexd5 {[%emt 0:02:07]} 15. Re5 {[%emt 0:00:00]} Kh8 {[%emt 0:08:13]} 16. Nxd5 {[%emt 0:00:00]} cxd5 {[%emt 0:02:27]} 17. Bg5 {[%emt 0:00:00]} b6 {[%emt 0:11:06]} 18. Bxd5 {[%emt 0:00:33]} Rb8 {[%emt 0:00:35]} 19. Rae1 {[%emt 0:01:05]} Bb7 {[%emt 0:01:19]} 20. Bxf6 {[%emt 0:01:03]} Qxf6 {[%emt 0:03:45]} 21. Qf3 {[%emt 0:01:55]} Bxd5 {[%emt 0:02:01]} 22. Rxd5 {[%emt 0:05:10]} Rbd8 {[%emt 0:05:10]} 23. Ree5 {[%emt 0:01:59]} g6 {[%emt 0:01:08]} 24. Qe3 {[%emt 0:02:11]} Qc6 {[%emt 0:04:28]} 25. Rxd8 {[%emt 0:01:48]} Rxd8 {[%emt 0:00:20]} 26. Qc3 {[%emt 0:05:10]} Qxc3 {[%emt 0:04:43]} 27. bxc3 {[%emt 0:00:06]} Rd7 {[%emt 0:00:58]} 28. Kf1 {[%emt 0:02:13]} Kg7 {[%emt 0:01:57]} 29. Ke2 {[%emt 0:00:10]} Kf6 {[%emt 0:02:03]} 30. f4 {[%emt 0:00:07]} a6 {[%emt 0:04:46]} 31. Kd3 {[%emt 0:02:14]} b5 {[%emt 0:01:35]} 32. h4 {[%emt 0:00:25]} Rb7 {[%emt 0:01:59]} 33. Rc5 {[%emt 0:00:36]} Rb6 {[%emt 0:04:16]} 34. a3 {[%emt 0:01:00]} Re6 {[%emt 0:04:01]} 35. Re5 $18 {[%emt 0:02:08]} Rc6 {[%emt 0:01:21]} 36. d5 {[%emt 0:00:42]} Rc4 {[%emt 0:03:00]} 37. Re6+ {[%emt 0:00:19]} Kf7 {[%emt 0:00:18]} 38. Rxa6 {[%emt 0:00:11]} Rc5 {[%emt 0:03:05]} 39. Rd6 {[%emt 0:02:48]} Ke7 {[%emt 0:00:58]} 40. Re6+ {[%emt 0:00:33]} Kd7 {[%emt 0:00:32]} 41. Re5 {[%emt 0:00:15]} Kd6 {[%emt 0:02:53]} 42. Re6+ {[%emt 0:07:49]} Kd7 {[%emt 0:00:56]} 43. Ra6 {[%emt 0:02:53]} Rxd5+ {[%emt 0:00:40]} 44. Ke3 {[%emt 0:00:43]} Rc5 {[%emt 0:03:25]} 45. Kd4 {[%emt 0:00:52]} Rc4+ {[%emt 0:01:32]} 46. Kd3 {[%emt 0:00:08]} Rc7 {[%emt 0:09:44]} 47. Rb6 {[%emt 0:00:17]} Ra7 {[%emt 0:00:26]} 48. Rxb5 {[%emt 0:00:06]} Rxa3 {[%emt 0:00:08]} 49. Rb7+ {[%emt 0:00:09]} Ke6 {[%emt 0:00:13]} 50. Rxh7 {[%emt 0:00:29]} Ra1 {[%emt 0:00:24]} 51. Rh6 {[%emt 0:01:41]} Kf7 {[%emt 0:00:43]} 52. h5 {[%emt 0:00:23]} gxh5 {[%emt 0:02:02]} 53. Rxh5 {[%emt 0:00:06]} Kf6 {[%emt 0:00:21]} 54. Kd4 {[%emt 0:01:34]} Rd1+ {[%emt 0:00:55]} 55. Kc4 {[%emt 0:00:27]} Re1 {[%emt 0:01:17]} 56. Rg5 {[%emt 0:01:09]} Rc1 {[%emt 0:02:21]} 57. Kd4 {[%emt 0:00:17]} Rd1+ {[%emt 0:00:07]} 58. Kc5 {[%emt 0:00:11]} Rd8 {[%emt 0:00:31]} 59. c4 {[%emt 0:00:08]} Rc8+ {[%emt 0:00:38]} 60. Kd4 {[%emt 0:00:44]} Rd8+ {[%emt 0:00:32]} 61. Kc3 {[%emt 0:00:09]} Rc8 {[%emt 0:00:25]} 62. g4 {[%emt 0:02:26]} fxg4 {[%emt 0:00:33]} 63. c5 {[%emt 0:00:31]} g3 {[%emt 0:01:00]} 64. Kc4 {[%emt 0:00:08]} Re8 {[%emt 0:01:43]} 65. c6 {[%emt 0:03:38]} Re4+ {[%emt 0:01:38]} 66. Kd5 {[%emt 0:00:34]} Rxf4 {[%emt 0:00:41]} 67. Rxg3 {[%emt 0:00:54]} Rf1 68. Re3 {[%emt 0:06:51]} Rd1+ {[%emt 0:02:25]} 69. Kc5 {[%emt 0:00:29]} Rc1+ {[%emt 0:00:46]} 70. Kd6 {[%emt 0:00:08]} Rd1+ {[%emt 0:00:09]} 71. Kc7 {[%emt 0:00:09]} Rc1 {[%emt 0:00:34]} 72. Kd7 {[%emt 0:02:34]} Rd1+ {[%emt 0:00:15]} 73. Kc8 {[%emt 0:00:07]} Rc1 {[%emt 0:02:26]} 74. c7 {[%emt 0:00:08]} Rc2 {[%emt 0:00:13]} 75. Rb3 {[%emt 0:01:16]} Ke7 {[%emt 0:01:10]} 76. Kb7 {[%emt 0:00:19]} Kd7 {[%emt 0:00:44]} 77. Rd3+ {[%emt 0:00:25]} 1-0

[Event "7. Arber-Senioren-Cup 2019"]
[Site "Bodenmais"]
[Date "2019.07.30"]
[Round "4.23"]
[White "Schmid, Johann"]
[Black "Trinkl, Andreas"]
[Result "1/2-1/2"]
[WhiteElo "1842"]
[BlackElo "1620"]
[Annotator "NA"]
[PlyCount "84"]
[EventDate "2019.07.27"]
[EventType "swiss"]
[EventCountry "GER"]
[SourceTitle "playchess.com"]
[Source "ChessBase"]
[SourceQuality "1"]
[TimeControl "5400+30"]

1. d4 {[%emt 0:00:00]} g6 {[%emt 0:00:00]} 2. Nf3 {[%emt 0:00:00]} Bg7 {[%emt 0:00:00]} 3. Bf4 {[%emt 0:00:00]} d6 {[%emt 0:00:00]} 4. e3 {[%emt 0:00:00]} a6 {[%emt 0:00:00]} 5. Be2 {[%emt 0:00:00]} Nf6 {[%emt 0:00:00]} 6. O-O {[%emt 0:00:00]} O-O {[%emt 0:00:00]} 7. h3 {[%emt 0:00:00]} Nbd7 {[%emt 0:00:00]} 8. Re1 {[%emt 0:00:00]} b5 {[%emt 0:00:00]} 9. a3 {[%emt 0:00:00]} Bb7 {[%emt 0:00:00]} 10. Bh2 {[%emt 0:00:00]} c5 {[%emt 0:00:00]} 11. c3 {[%emt 0:00:00]} Ne4 {[%emt 0:00:00]} 12. Nbd2 {[%emt 0:00:00]} f5 {[%emt 0:00:00]} 13. Nxe4 {[%emt 0:00:00]} fxe4 {[%emt 0:00:00]} 14. Ng5 {[%emt 0:00:00]} Rf6 {[%emt 0:04:46]} 15. Qc2 {[%emt 0:00:00]} d5 {[%emt 0:03:00]} 16. Bg4 {[%emt 0:00:00]} Nf8 {[%emt 0:03:47]} 17. h4 {[%emt 0:00:00]} c4 {[%emt 0:07:28]} 18. b3 {[%emt 0:00:00]} Bc8 {[%emt 0:05:24]} 19. Be2 {[%emt 0:01:37]} h6 {[%emt 0:11:30]} 20. Nh3 {[%emt 0:00:09]} Bxh3 21. gxh3 {[%emt 0:00:10]} cxb3 {[%emt 0:15:05]} 22. Qxb3 {[%emt 0:00:34]} Rc6 {[%emt 0:02:25]} 23. Ra2 {[%emt 0:12:06]} h5 {[%emt 0:01:33]} 24. Bg3 {[%emt 0:02:11]} e6 {[%emt 0:01:09]} 25. Kh2 {[%emt 0:02:57]} Rac8 {[%emt 0:01:09]} 26. Rc2 {[%emt 0:01:03]} Bf6 {[%emt 0:04:24]} 27. Rf1 {[%emt 0:16:41]} Qa5 {[%emt 0:05:23]} 28. Rfc1 {[%emt 0:02:56]} Be7 {[%emt 0:00:53]} 29. f3 {[%emt 0:02:20]} Qxa3 {[%emt 0:05:58]} 30. Qa2 {[%emt 0:05:09]} Qxa2 {[%emt 0:07:03]} 31. Rxa2 {[%emt 0:00:14]} Rxc3 {[%emt 0:00:09]} 32. Rxc3 {[%emt 0:00:23]} Rxc3 {[%emt 0:00:01]} 33. Bf2 {[%emt 0:08:00]} exf3 {[%emt 0:04:18]} 34. Bxf3 {[%emt 0:00:22]} Ba3 {[%emt 0:01:00]} 35. Kg3 {[%emt 0:01:43]} b4 {[%emt 0:00:46]} 36. Kf4 {[%emt 0:06:15]} a5 {[%emt 0:02:51]} 37. Be1 {[%emt 0:01:28]} Rc7 {[%emt 0:01:40]} 38. Rg2 {[%emt 0:03:55]} Kf7 {[%emt 0:00:46]} 39. e4 {[%emt 0:01:12]} dxe4 {[%emt 0:04:19]} 40. Bxe4 {[%emt 0:00:20]} Bc1+ {[%emt 0:01:08]} 41. Ke5 {[%emt 0:00:31]} Nd7+ {[%emt 0:05:16]} 42. Kd6 {[%emt 0:01:03]} Bf4# 1/2-1/2